Bedrooms

Bibliographic Details
Main Author: Pinto , Alberto
Format: Book
Published: New York : Rizzoli , 2006
Subjects:

MARC

LEADER 00000cam a2200000 7i4500
001 0000017279
005 20080514.0
008 080514
020 |a 0847827917 
090 0 0 |a 747.77   |b PIN 
100 1 |a Pinto , Alberto 
245 1 0 |a Bedrooms   |c Alberto Pinto 
260 |a New York :   |b Rizzoli ,   |c 2006 
650 0 |a Bedrooms   |x Interior decorations 
999 |a 0001012458   |b Book   |c REFERENCE   |e Cawangan Segamat